[Event "Campeonato de España Individual Femenino"]
[Site "Padron"]
[Date "2011.08.01"]
[Round "1"]
[White "Vega Gutierrez, Sabrina"]
[Black "Cucarella Montell, Angels"]
[Result "1-0"]
[WhiteElo "2285"]
[BlackElo "1938"]
[PlyCount "51"]
[EventDate "2011.08.01"]
[EventRounds "7"]
[EventCountry "ESP"]

1. e4 c5 2. Nf3 e6 3. d4 cxd4 4. Nxd4 Nc6 5. Nc3 Qc7 6. Be2 a6 7. O-O Nf6 8.
Be3 Be7 9. f4 O-O 10. e5 Nd5 11. Nxd5 exd5 12. Nf5 d6 13. exd6 Bxd6 14. Nxd6
Qxd6 15. Bd3 d4 16. Bd2 Qf6 17. f5 Ne5 18. Qh5 Nxd3 19. cxd3 h6 20. Rf3 Rd8 21.
Raf1 Rd5 22. g4 b5 23. g5 hxg5 24. Bxg5 Qe5 25. Rh3 f6 26. Bxf6 1-0

[Event "Campeonato de España Individual Femenino"]
[Site "Padron"]
[Date "2011.08.01"]
[Round "1"]
[White "Morona Minguez, Irene"]
[Black "Hernandez Estevez, Yudania"]
[Result "0-1"]
[WhiteElo "1930"]
[BlackElo "2252"]
[PlyCount "54"]
[EventDate "2011.08.01"]
[EventRounds "7"]
[EventCountry "ESP"]

1. e4 e5 2. Nf3 Nc6 3. Bb5 f5 4. Nc3 Nf6 5. d4 fxe4 6. Nxe5 Bb4 7. O-O O-O 8.
Bg5 Bxc3 9. bxc3 Qe8 10. Bxf6 Rxf6 11. Bc4+ Kh8 12. f4 d6 13. Ng4 Bxg4 14. Qxg4
Ne7 15. d5 c6 16. Rad1 Qf7 17. Qd7 b5 18. Bb3 c5 19. Qxb5 Rxf4 20. Qb7 Rf8 21.
Bc4 Rf2 22. Qxa7 e3 23. Qd7 Qg6 24. Rxf2 exf2+ 25. Kf1 Nf5 26. Rd3 Qg4 27. Qe6
Qxc4 0-1

[Event "Campeonato de España Individual Femenino"]
[Site "Padron"]
[Date "2011.08.01"]
[Round "1"]
[White "Garcia Vicente, Nieves"]
[Black "Garcia Rodriguez, Sara"]
[Result "1-0"]
[WhiteElo "2249"]
[BlackElo "1926"]
[PlyCount "145"]
[EventDate "2011.08.01"]
[EventRounds "7"]
[EventCountry "ESP"]

1. d4 Nf6 2. c4 g6 3. Nc3 Bg7 4. e4 d6 5. h3 O-O 6. Bg5 Na6 7. Bd3 Qe8 8. Nge2
e5 9. d5 Nc5 10. Bc2 Bd7 11. g4 a5 12. a3 a4 13. Ng3 h6 14. Be3 b6 15. Qd2 Kh7
16. f3 Rh8 17. h4 Kg8 18. h5 g5 19. Qe2 Rb8 20. Nb5 Bxb5 21. cxb5 Nfd7 22. Qc4
Ra8 23. O-O Qd8 24. Rac1 Kh7 25. Nf5 Rf8 26. Bd1 Ra7 27. Rc3 Bf6 28. Bc2 Ra5
29. Bd2 Qe8 30. Re3 Ra7 31. Bb4 Qa8 32. Rc3 Bd8 33. Qe2 Bf6 34. Qe3 Qb8 35. Rc4
Nb7 36. Bd2 Ndc5 37. Rb4 Qe8 38. Qe2 Qd7 39. Ne3 Rfa8 40. Kg2 Na5 41. Bxa4 Nxa4
42. Rxa4 Nb3 43. Rxa7 Rxa7 44. Nf5 Nxd2 45. Qxd2 Qxb5 46. Rc1 Bd8 47. Rc2 Ra4
48. Qc3 Ra5 49. Qc6 Qxc6 50. Rxc6 Ra7 51. Kf2 Rb7 52. Ke2 Bf6 53. Kd3 Bg7 54.
Kc4 Bf8 55. a4 f6 56. Kb5 Ra7 57. b4 Kg8 58. Rc2 Kf7 59. Ra2 Ke8 60. Kc6 Kd8
61. a5 Kc8 62. Ra3 Ra6 63. Kb5 Kb7 64. Rc3 bxa5 65. bxa5 Ra8 66. Rc6 Ra7 67.
a6+ Kb8 68. Ka5 Kc8 69. Ne3 Be7 70. Nc4 Kb8 71. Na3 Ra8 72. Nb5 Bd8 73. Kb4 1-0

[Event "Campeonato de España Individual Femenino"]
[Site "Padron"]
[Date "2011.08.01"]
[Round "1"]
[White "Boix Pons, Catalina"]
[Black "Vega Gutierrez, Belinda"]
[Result "0-1"]
[WhiteElo "1900"]
[BlackElo "2227"]
[PlyCount "100"]
[EventDate "2011.08.01"]
[EventRounds "7"]
[EventCountry "ESP"]

1. d4 d5 2. c4 e6 3. Nc3 Nf6 4. Nf3 Be7 5. Bg5 Nbd7 6. e3 O-O 7. Rc1 h6 8. Bh4
c6 9. Bd3 dxc4 10. Bxc4 b5 11. Bd3 Bb7 12. O-O a6 13. Qe2 c5 14. dxc5 Nxc5 15.
Bc2 Nd5 16. Nxd5 Bxd5 17. Bxe7 Qxe7 18. Bb1 Rac8 19. b3 Ne4 20. Qd3 Qa3 21.
Rxc8 Rxc8 22. Nd2 f5 23. Nxe4 fxe4 24. Qd2 a5 25. h3 a4 26. bxa4 Qxa4 27. f3
Ra8 28. fxe4 Bxa2 29. Qd7 b4 30. Qxa4 Rxa4 31. Bxa2 Rxa2 32. Rb1 Ra4 33. Kf2
Kf7 34. e5 Kg6 35. g4 Kg5 36. Kg3 h5 37. h4+ Kg6 38. Rb3 hxg4 39. Kxg4 Kh6 40.
h5 Ra5 41. Rxb4 Rxe5 42. Rb8 Rg5+ 43. Kf4 Kxh5 44. Re8 Rf5+ 45. Ke4 Rf6 46. Ke5
Kg4 47. e4 Kf3 48. Rg8 Rg6 49. Rf8+ Ke3 50. Re8 Rg4 0-1

[Event "Campeonato de España Individual Femenino"]
[Site "Padron"]
[Date "2011.08.01"]
[Round "1"]
[White "Aranaz Murillo, Amalia"]
[Black "Beltran Ortiz, Edda Georgina"]
[Result "0-1"]
[WhiteElo "2176"]
[BlackElo "1877"]
[PlyCount "88"]
[EventDate "2011.08.01"]
[EventRounds "7"]
[EventCountry "ESP"]

1. Nf3 Nf6 2. c4 c5 3. g3 Nc6 4. Bg2 e6 5. Nc3 Be7 6. O-O O-O 7. d4 cxd4 8.
Nxd4 Bc5 9. Nb3 Be7 10. Bf4 a6 11. Qd2 b5 12. cxb5 axb5 13. Nxb5 d5 14. N5d4
Nxd4 15. Nxd4 Qb6 16. a3 Ba6 17. Be3 Qb7 18. Nf3 Ne4 19. Qc2 Rfc8 20. Qb1 Bf6
21. Nd4 Nd2 22. Bxd2 Bxd4 23. Bf3 Qxb2 24. Ra2 Qxb1 25. Rxb1 Bc4 26. Rc2 Rxa3
27. e3 Ra1 28. Rxa1 Bxa1 29. Be2 g6 30. f3 Kg7 31. Kf2 h5 32. f4 f5 33. h4 Kf7
34. Ke1 Bf6 35. Bb4 Ke8 36. Bxc4 Rxc4 37. Rxc4 dxc4 38. Kd2 Kd7 39. Bc3 Bd8 40.
Bd4 Kc6 41. Bc3 Kd5 42. Ke2 Ke4 43. Bb4 Bb6 44. Bd2 Bc5 0-1

[Event "Campeonato de España Individual Femenino"]
[Site "Padron"]
[Date "2011.08.01"]
[Round "1"]
[White "Romero Diez, Sandra"]
[Black "Pascual Palomo, Lucia"]
[Result "0-1"]
[WhiteElo "1868"]
[BlackElo "2127"]
[PlyCount "60"]
[EventDate "2011.08.01"]
[EventRounds "7"]
[EventCountry "ESP"]

1. d4 e6 2. c4 Nf6 3. Nf3 b6 4. g3 Bb7 5. Bg2 Be7 6. O-O O-O 7. Nc3 Ne4 8. Qc2
f5 9. Rd1 Nxc3 10. Qxc3 Bf6 11. Bf4 Be4 12. Be5 d6 13. Bxf6 Rxf6 14. Ne5 Bxg2
15. Kxg2 Qe8 16. Qf3 c6 17. Nd3 Na6 18. Rac1 e5 19. dxe5 dxe5 20. e4 Qe7 21. a3
Raf8 22. Rc2 f4 23. Qh5 f3+ 24. Kg1 Qe6 25. h4 Nc5 26. Kh2 Rh6 27. Qxe5 Qg4 28.
Nxc5 Rxh4+ 29. Kg1 Rh1+ 30. Kxh1 Qh3+ 0-1

[Event "Campeonato de España Individual Femenino"]
[Site "Padron"]
[Date "2011.08.01"]
[Round "1"]
[White "Cerrato Torrijos, Maria"]
[Black "Marin Benito, Carla"]
[Result "1-0"]
[WhiteElo "2124"]
[BlackElo "1865"]
[PlyCount "55"]
[EventDate "2011.08.01"]
[EventRounds "7"]
[EventCountry "ESP"]

1. e4 c5 2. Nc3 Nc6 3. Nf3 g6 4. d4 cxd4 5. Nxd4 Bg7 6. Nb3 Nf6 7. Be2 O-O 8.
O-O d6 9. Bg5 Be6 10. Kh1 Na5 11. f4 Nxb3 12. axb3 Qc7 13. f5 Bd7 14. Bxf6 Bxf6
15. Nd5 Qc5 16. b4 Qc6 17. fxg6 Kg7 18. Nxf6 exf6 19. gxh7 Rh8 20. Qd4 Rxh7 21.
Rxf6 Kg8 22. Rxd6 Qc7 23. e5 Be6 24. Rd1 Kg7 25. Qf4 Rh6 26. Bg4 Rah8 27. h3
Bxg4 28. Qxg4+ 1-0

[Event "Campeonato de España Individual Femenino"]
[Site "Padron"]
[Date "2011.08.01"]
[Round "1"]
[White "Gonzalez Etayo, Oihana"]
[Black "Gutierrez Castillo, Paloma"]
[Result "0-1"]
[WhiteElo "1803"]
[BlackElo "2119"]
[PlyCount "50"]
[EventDate "2011.08.01"]
[EventRounds "7"]
[EventCountry "ESP"]

1. d4 Nf6 2. Nf3 g6 3. Bf4 Bg7 4. h3 d6 5. e3 O-O 6. Be2 c5 7. c3 Qb6 8. Qb3
Be6 9. Qxb6 axb6 10. Na3 Nc6 11. Nd2 Nd5 12. Bh2 Nxc3 13. bxc3 Rxa3 14. Bf3
cxd4 15. cxd4 Rxa2 16. Rxa2 Bxa2 17. O-O b5 18. Rc1 b4 19. Bxc6 bxc6 20. Rxc6
Rb8 21. Rc7 Bf6 22. Rc1 b3 23. Nb1 b2 24. Rd1 Bxb1 25. Rxb1 Rc8 0-1

[Event "Campeonato de España Individual Femenino"]
[Site "Padron"]
[Date "2011.08.01"]
[Round "1"]
[White "Redondo Arguelles, Graciela"]
[Black "Suarez Sanchez De la, Esperanza"]
[Result "1-0"]
[WhiteElo "2088"]
[BlackElo "1795"]
[PlyCount "73"]
[EventDate "2011.08.01"]
[EventRounds "7"]
[EventCountry "ESP"]

1. e4 e5 2. Nf3 d6 3. d4 Nd7 4. Bc4 Qe7 5. O-O Nb6 6. Bb3 Bg4 7. dxe5 dxe5 8.
Qd3 f6 9. a4 Qd6 10. Qe2 O-O-O 11. a5 Bxf3 12. Qxf3 Nd7 13. Rd1 Qc6 14. Nc3 f5
15. Ba4 Qc4 16. Qxf5 Ngf6 17. Bg5 Bd6 18. Bxf6 gxf6 19. Nb5 a6 20. Nxd6+ cxd6
21. Rxd6 Qc7 22. Rad1 Qxa5 23. Rxd7 Rxd7 24. Qxd7+ Kb8 25. Qd6+ Ka7 26. Qxf6
Rc8 27. Bb3 Rc6 28. Qd8 Qb4 29. g3 Rb6 30. Qc7 Qxe4 31. Qc3 Qf5 32. Rd8 Qf6 33.
Qc7 Rc6 34. Qd7 Qg6 35. Bd5 Rb6 36. Qc8 Rxb2 37. Qa8+ 1-0

[Event "Campeonato de España Individual Femenino"]
[Site "Padron"]
[Date "2011.08.01"]
[Round "1"]
[White "Juanes Garcia, Olaya"]
[Black "Collado Barbas, Laura"]
[Result "0-1"]
[WhiteElo "1735"]
[BlackElo "2050"]
[PlyCount "32"]
[EventDate "2011.08.01"]
[EventRounds "7"]
[EventCountry "ESP"]

1. e4 e6 2. d4 d5 3. e5 c5 4. c3 Qb6 5. Nf3 Nc6 6. a3 Nh6 7. b4 cxd4 8. cxd4
Nf5 9. Bb2 Bd7 10. g4 Nfe7 11. Nc3 Na5 12. Nd2 Ng6 13. h4 Nc4 14. Bxc4 dxc4 15.
Nxc4 Qc6 16. d5 Qxc4 0-1

[Event "Campeonato de España Individual Femenino"]
[Site "Padron"]
[Date "2011.08.01"]
[Round "1"]
[White "Perera Borrego, Mariela"]
[Black "Sanchez Gabin, Aranzazu"]
[Result "1-0"]
[WhiteElo "2046"]
[BlackElo "1724"]
[PlyCount "75"]
[EventDate "2011.08.01"]
[EventRounds "7"]
[EventCountry "ESP"]

1. d4 Nf6 2. Nf3 g6 3. g3 Bg7 4. Bg2 d6 5. O-O O-O 6. c4 Nbd7 7. Nc3 e5 8. e4
a5 9. h3 Re8 10. Re1 exd4 11. Nxd4 Nc5 12. Bf4 Ne6 13. Be3 Nxd4 14. Bxd4 Be6
15. Qd3 Qd7 16. Kh2 h5 17. Rad1 Rad8 18. Nd5 Bxd5 19. cxd5 Qe7 20. Rc1 Rc8 21.
f4 Nd7 22. Bxg7 Kxg7 23. Qc3+ Kg8 24. Qxa5 Nc5 25. Qc3 h4 26. e5 hxg3+ 27. Qxg3
Qd7 28. h4 Qb5 29. b3 Ra8 30. e6 Rxa2 31. h5 fxe6 32. Qxg6+ Kh8 33. Qf6+ Kh7
34. Qg6+ Kh8 35. Qh6+ Kg8 36. Re3 Kf7 37. Qh7+ Kf6 38. Rg3 1-0

[Event "Campeonato de España Individual Femenino"]
[Site "Padron"]
[Date "2011.08.01"]
[Round "1"]
[White "Buiza Prieto, Eihartze"]
[Black "Nieto Asencio, Maria Del Carmen"]
[Result "0-1"]
[WhiteElo "1668"]
[BlackElo "2034"]
[PlyCount "62"]
[EventDate "2011.08.01"]
[EventRounds "7"]
[EventCountry "ESP"]

1. e4 c5 2. Nf3 g6 3. d4 cxd4 4. Qxd4 Nf6 5. Bb5 Qa5+ 6. Nc3 Nc6 7. Bxc6 bxc6
8. e5 Nd5 9. Bd2 Bg7 10. Nxd5 Qxd5 11. Qxd5 cxd5 12. Bb4 Rb8 13. a3 f6 14. exf6
Bxf6 15. c3 a5 16. Bxa5 Rxb2 17. O-O Rb5 18. Bb4 Kf7 19. Ra2 Bb7 20. Re1 d6 21.
Rae2 Rb6 22. h4 h6 23. Re6 Bc8 24. R6e2 e5 25. Rd2 Bb7 26. g3 g5 27. h5 Rc8 28.
a4 d4 29. Nh2 dxc3 30. Rxd6 Rxb4 31. Ng4 Rxg4 0-1

[Event "Campeonato de España Individual Femenino"]
[Site "Padron"]
[Date "2011.08.01"]
[Round "1"]
[White "Garcia-Castany Musellas, Gal La"]
[Black "Moran Garcia, Aida"]
[Result "1-0"]
[WhiteElo "1980"]
[BlackElo "1663"]
[PlyCount "45"]
[EventDate "2011.08.01"]
[EventRounds "7"]
[EventCountry "ESP"]

1. e4 e5 2. Nf3 Nc6 3. Bc4 Bc5 4. c3 Nf6 5. b4 Bd6 6. d3 O-O 7. O-O b6 8. Nbd2
Bb7 9. Bb3 b5 10. a4 a6 11. Re1 Be7 12. Nf1 d5 13. axb5 axb5 14. Rxa8 Bxa8 15.
exd5 Nxd5 16. Qc2 Bf6 17. Ng3 Nde7 18. Ne4 Ng6 19. g3 h6 20. Nfd2 Re8 21. Nc5
Be7 22. d4 exd4 23. Qxg6 1-0

[Event "Campeonato de España Individual Femenino"]
[Site "Padron"]
[Date "2011.08.01"]
[Round "1"]
[White "Martin Morientes, Marta"]
[Black "Pablos Tenrero, Raquel"]
[Result "0-1"]
[WhiteElo "1593"]
[BlackElo "1971"]
[PlyCount "122"]
[EventDate "2011.08.01"]
[EventRounds "7"]
[EventCountry "ESP"]

1. e4 e5 2. Nf3 Nc6 3. Bc4 Bc5 4. c3 Nf6 5. d4 exd4 6. e5 Ne4 7. Bd5 f5 8. cxd4
Bb4+ 9. Nbd2 d6 10. O-O dxe5 11. Bxc6+ bxc6 12. Nxe4 fxe4 13. Nxe5 Qd6 14. a3
Ba5 15. b4 Bb6 16. Bb2 O-O 17. Rc1 Bd7 18. Qb3+ Be6 19. Qe3 Bd5 20. Qc3 Rf6 21.
Nc4 Qe6 22. a4 a6 23. a5 Ba7 24. Ne3 Rc8 25. Qd2 Rg6 26. Qe2 Rf8 27. Nxd5 Qxd5
28. Qc4 Bb8 29. Rfe1 Kh8 30. Qxd5 cxd5 31. Ba3 Rf4 32. Kf1 c6 33. h3 h5 34. b5
axb5 35. a6 Rf7 36. Ra1 Ba7 37. Bc5 Kg8 38. Bxa7 Rxa7 39. g3 Kf7 40. Rec1 Ke7
41. Ke2 Rf6 42. Rh1 Rf3 43. g4 h4 44. Rh2 Rd3 45. Ra2 Rxd4 46. Ke3 Ra4 47. Rc2
R7xa6 48. Kf4 b4 49. Ke5 b3 50. Rb2 Rb6 51. Rh1 d4 52. Kxe4 c5 53. Rd1 Ra2 54.
Rdd2 Ra1 55. Kd5 Rc1 56. Re2+ Kd7 57. f4 Rd6+ 58. Ke4 Re6+ 59. Kd3 Rc3+ 60. Kd2
Rxe2+ 61. Kxe2 Rxh3 0-1

[Event "Campeonato de España Individual Femenino"]
[Site "Padron"]
[Date "2011.08.01"]
[Round "1"]
[White "Ruiz Font, Elisabet"]
[Black "Laseca Arana, Irati"]
[Result "1-0"]
[WhiteElo "1949"]
[BlackElo "1478"]
[PlyCount "109"]
[EventDate "2011.08.01"]
[EventRounds "7"]
[EventCountry "ESP"]

1. e4 c5 2. Nf3 d6 3. d4 cxd4 4. Qxd4 Nc6 5. Bb5 Bd7 6. Bxc6 Bxc6 7. Nc3 Nf6 8.
Bg5 Qb6 9. Qxb6 axb6 10. Bxf6 gxf6 11. Nd4 Rg8 12. O-O Bh6 13. Rad1 Bf4 14. a3
Ra5 15. g3 Rag5 16. Nxc6 bxc6 17. Ne2 Bxg3 18. hxg3 h5 19. Kg2 h4 20. Rd3 Re5
21. Nc3 f5 22. exf5 Rxf5 23. Re1 Rfg5 24. Ne4 Re5 25. f4 Re6 26. Ree3 d5 27.
Ng5 Reg6 28. Kh3 hxg3 29. Rxg3 f6 30. Ne6 Rh6+ 31. Kg2 Rgh8 32. Rh3 Kd7 33.
Rxh6 Rxh6 34. Re3 f5 35. Nd4 e6 36. Nf3 Rg6+ 37. Kf2 Rh6 38. Ne5+ Kc7 39. Kg2
Rh4 40. Kg3 Rh7 41. b4 Kd6 42. Rc3 Rc7 43. a4 c5 44. bxc5+ bxc5 45. Rb3 Rg7+
46. Kf3 Kc7 47. a5 Rg8 48. Rb6 Ra8 49. Rc6+ Kb7 50. Rxc5 Ra6 51. Ke3 Rd6 52.
Kd4 Ka6 53. Rc6+ Rxc6 54. Nxc6 Kb5 55. Nd8 1-0

[Event "Campeonato de España Individual Femenino"]
[Site "Padron"]
[Date "2011.08.02"]
[Round "2"]
[White "Collado Barbas, Laura"]
[Black "Vega Gutierrez, Sabrina"]
[Result "0-1"]
[WhiteElo "2050"]
[BlackElo "2285"]
[PlyCount "74"]
[EventDate "2011.08.01"]
[EventRounds "7"]
[EventCountry "ESP"]

1. d4 d5 2. c4 e6 3. Nf3 c6 4. e3 Nf6 5. Nbd2 c5 6. b3 Nc6 7. Bb2 cxd4 8. exd4
g6 9. Bd3 Bg7 10. O-O O-O 11. Rc1 b6 12. Bb1 Bb7 13. Ne5 Rc8 14. f4 dxc4 15.
Ndxc4 b5 16. Nxc6 Rxc6 17. Ne5 Rxc1 18. Qxc1 Qd5 19. Qd2 Rc8 20. Re1 Bh6 21.
Nf3 Qd6 22. Ne5 Nh5 23. Rf1 Qd5 24. Ng4 Bg7 25. Ne3 Qd6 26. Ng4 Rd8 27. Ne5 Bh6
28. Bd3 Nxf4 29. Rxf4 f6 30. Ng4 Bxf4 31. Qf2 f5 32. Nf6+ Kg7 33. d5 Bxh2+ 34.
Kh1 Be5 35. Qxa7 Bxb2 36. Qxb7+ Kxf6 37. Qxh7 Qg3 0-1

[Event "Campeonato de España Individual Femenino"]
[Site "Padron"]
[Date "2011.08.02"]
[Round "2"]
[White "Nieto Asencio, Maria Del Carmen"]
[Black "Garcia Vicente, Nieves"]
[Result "1/2-1/2"]
[WhiteElo "2034"]
[BlackElo "2249"]
[PlyCount "120"]
[EventDate "2011.08.01"]
[EventRounds "7"]
[EventCountry "ESP"]

1. d4 d5 2. Nf3 Nc6 3. e3 Bg4 4. c4 e6 5. Qb3 Bxf3 6. gxf3 Bb4+ 7. Bd2 Bxd2+ 8.
Nxd2 Rb8 9. Rg1 Nge7 10. cxd5 exd5 11. Bb5 O-O 12. O-O-O a6 13. Bd3 b5 14. Qc3
Qd6 15. Kb1 f5 16. f4 Nd8 17. Rc1 Ne6 18. Nb3 Rf6 19. Nc5 Nd8 20. Rg5 Nf7 21.
Rg2 Rg6 22. Rcg1 Rxg2 23. Rxg2 Nh6 24. h3 Rb6 25. Qe1 Qd8 26. Qg1 g6 27. f3 Kf7
28. h4 Nhg8 29. h5 Nf6 30. hxg6+ hxg6 31. Rh2 Nh5 32. Qg5 Qg8 33. Nd7 Re6 34.
Ne5+ Kf8 35. Rc2 c6 36. Rg2 Qh7 37. e4 Nxf4 38. exf5 gxf5 39. Rd2 Nxd3 40. Rxd3
Qh1+ 41. Kc2 Qh7 42. f4 Ke8 43. Rg3 Kd8 44. Rg2 Kc7 45. Qg3 Rh6 46. Qg5 Nc8 47.
Qg7+ Qxg7 48. Rxg7+ Kb6 49. b4 Nd6 50. Nd7+ Kc7 51. Nc5+ Kd8 52. Nxa6 Ne4 53.
Nb8 Kc8 54. Nd7 Rh2+ 55. Kb3 Rh3+ 56. Kb2 Rh2+ 57. Kb3 Nd2+ 58. Kc3 Ne4+ 59.
Kb3 Rh3+ 60. Kb2 Rh2+ 1/2-1/2

[Event "Campeonato de España Individual Femenino"]
[Site "Padron"]
[Date "2011.08.02"]
[Round "2"]
[White "Vega Gutierrez, Belinda"]
[Black "Garcia-Castany Musellas, Gal La"]
[Result "1-0"]
[WhiteElo "2227"]
[BlackElo "1980"]
[PlyCount "69"]
[EventDate "2011.08.01"]
[EventRounds "7"]
[EventCountry "ESP"]

1. e4 e5 2. Nf3 Nc6 3. Bb5 a6 4. Ba4 Nf6 5. O-O Be7 6. Re1 b5 7. Bb3 d6 8. c3
O-O 9. h3 Na5 10. Bc2 c5 11. d4 Qc7 12. d5 Bd7 13. b3 Ne8 14. Nbd2 g6 15. Nf1
Ng7 16. Bh6 Nb7 17. g4 Nd8 18. a4 Rb8 19. axb5 axb5 20. Ng3 f6 21. Kh2 Nf7 22.
Be3 Ra8 23. Qe2 Qb7 24. Bd3 Ra6 25. Rg1 Rfa8 26. Rad1 Ra3 27. Nd2 Bd8 28. Rg2
Ra1 29. Bb1 Qc8 30. Rdg1 h5 31. Nxh5 gxh5 32. gxh5 Kh8 33. h6 Bxh3 34. Rxg7 Ng5
35. Qh5 1-0

[Event "Campeonato de España Individual Femenino"]
[Site "Padron"]
[Date "2011.08.02"]
[Round "2"]
[White "Pascual Palomo, Lucia"]
[Black "Ruiz Font, Elisabet"]
[Result "1-0"]
[WhiteElo "2127"]
[BlackElo "1949"]
[PlyCount "71"]
[EventDate "2011.08.01"]
[EventRounds "7"]
[EventCountry "ESP"]

1. e4 c5 2. Nf3 g6 3. d4 cxd4 4. Nxd4 Nc6 5. Be2 Bg7 6. Nb3 Nf6 7. Nc3 O-O 8.
O-O a5 9. a4 Nb4 10. Bg5 d5 11. exd5 Nfxd5 12. Nxd5 Nxd5 13. Bf3 Nf6 14. Qe2
Qc7 15. Nd4 e5 16. Nb5 Qc5 17. Nc3 Bf5 18. Bxb7 Rab8 19. Qa6 Be6 20. Bxf6 Bc4
21. Qc6 Qxc6 22. Bxc6 Bxf6 23. Rfb1 Rb6 24. Bb5 Be6 25. Re1 Rd8 26. Rad1 Rd4
27. Ne4 Bg7 28. c3 Rd5 29. Rxd5 Bxd5 30. Nc5 Bc6 31. c4 f6 32. Rd1 Kf7 33. Nb3
Bxb5 34. cxb5 Rb7 35. Nxa5 Ra7 36. b6 1-0

[Event "Campeonato de España Individual Femenino"]
[Site "Padron"]
[Date "2011.08.02"]
[Round "2"]
[White "Pablos Tenrero, Raquel"]
[Black "Cerrato Torrijos, Maria"]
[Result "1/2-1/2"]
[WhiteElo "1971"]
[BlackElo "2124"]
[PlyCount "84"]
[EventDate "2011.08.01"]
[EventRounds "7"]
[EventCountry "ESP"]

1. e4 e6 2. d4 d5 3. Nc3 Nf6 4. Bg5 Bb4 5. exd5 Qxd5 6. Bxf6 gxf6 7. Nge2 Nc6
8. Qd2 Bxc3 9. Nxc3 Qxd4 10. Qxd4 Nxd4 11. O-O-O Nc6 12. Nb5 Ke7 13. Nxc7 Rb8
14. Nb5 a6 15. Nc3 b5 16. Ne4 Nb4 17. a3 Nd5 18. Nc5 Rb6 19. g3 Rc6 20. b4 Rc7
21. Bg2 Nb6 22. Rd3 Nd7 23. Nxd7 Bxd7 24. Rhd1 Rhc8 25. R1d2 Be8 26. g4 Rc4 27.
h3 Bc6 28. Bxc6 R8xc6 29. Rd7+ Kf8 30. Ra7 Kg7 31. Rdd7 Rxc2+ 32. Kd1 Rxf2 33.
Rxf7+ Kg6 34. Rg7+ Kh6 35. h4 f5 36. Rxh7+ Kg6 37. g5 f4 38. Rh6+ Kf5 39. Rf7+
Kg4 40. g6 Rcc2 41. g7 Rcd2+ 42. Kc1 Rc2+ 1/2-1/2

[Event "Campeonato de España Individual Femenino"]
[Site "Padron"]
[Date "2011.08.02"]
[Round "2"]
[White "Gutierrez Castillo, Paloma"]
[Black "Acebal Muniz, Maria Concepcion"]
[Result "1-0"]
[WhiteElo "2119"]
[BlackElo "1253"]
[PlyCount "47"]
[EventDate "2011.08.01"]
[EventRounds "7"]
[EventCountry "ESP"]

1. e4 e5 2. Nf3 Nc6 3. Bc4 Nf6 4. d3 Bc5 5. c3 d6 6. Bb3 Bg4 7. Nbd2 Bb6 8. Nf1
Na5 9. Ba4+ Nd7 10. Ng3 c5 11. h3 Bxf3 12. Qxf3 O-O 13. Nf5 Nf6 14. Bg5 Nc6 15.
Bxc6 bxc6 16. Nh6+ Kh8 17. Ng4 Kg8 18. Nxf6+ gxf6 19. Bxf6 Qxf6 20. Qxf6 Bc7
21. O-O Rab8 22. Rae1 Rxb2 23. Re3 Bd8 24. Rg3# 1-0

[Event "Campeonato de España Individual Femenino"]
[Site "Padron"]
[Date "2011.08.02"]
[Round "2"]
[White "Beltran Ortiz, Edda Georgina"]
[Black "Redondo Arguelles, Graciela"]
[Result "1/2-1/2"]
[WhiteElo "1877"]
[BlackElo "2088"]
[PlyCount "70"]
[EventDate "2011.08.01"]
[EventRounds "7"]
[EventCountry "ESP"]

1. e4 e6 2. d4 d5 3. Nc3 dxe4 4. Nxe4 Be7 5. Ne2 Nf6 6. N2g3 Nbd7 7. Bd3 Nxe4
8. Nxe4 Nf6 9. O-O Bd7 10. c3 Bc6 11. Re1 Qd7 12. Bf4 O-O-O 13. Qe2 Nxe4 14.
Bxe4 Bxe4 15. Qxe4 Bd6 16. Be5 Bxe5 17. Qxe5 Qd5 18. Re2 h5 19. Qxd5 Rxd5 20.
Rae1 Rhd8 21. Kf1 c5 22. dxc5 Rxc5 23. Re5 Rxe5 24. Rxe5 Rd2 25. Re2 Rd1+ 26.
Re1 Rd2 27. Re2 Rd1+ 28. Re1 Rd5 29. Re2 Kd7 30. Ke1 Kd6 31. h4 f6 32. g3 Re5
33. Kd2 Rxe2+ 34. Kxe2 Ke5 35. Ke3 g5 1/2-1/2

[Event "Campeonato de España Individual Femenino"]
[Site "Padron"]
[Date "2011.08.02"]
[Round "2"]
[White "Suarez Sanchez De la, Esperanza"]
[Black "Aranaz Murillo, Amalia"]
[Result "0-1"]
[WhiteElo "1795"]
[BlackElo "2176"]
[PlyCount "82"]
[EventDate "2011.08.01"]
[EventRounds "7"]
[EventCountry "ESP"]

1. d4 Nf6 2. c4 c5 3. d5 b5 4. cxb5 a6 5. bxa6 g6 6. Nc3 Bxa6 7. e4 Bxf1 8.
Kxf1 d6 9. Nf3 Bg7 10. h3 Nbd7 11. Kg1 O-O 12. Kh2 Qc7 13. Re1 Rfb8 14. Qc2 Qb7
15. Rb1 Ne8 16. Bf4 Nb6 17. Nd2 Rc8 18. Rbd1 Qa6 19. a3 Nc4 20. Nxc4 Qxc4 21.
Bc1 Rcb8 22. Qd3 Qxd3 23. Rxd3 Nc7 24. Re2 Rb3 25. f4 Bd4 26. Rf3 Kf8 27. Nb1
Rb7 28. b3 f5 29. Nd2 fxe4 30. Nxe4 Nxd5 31. f5 Kg7 32. Ng5 Be5+ 33. g3 gxf5
34. Rxf5 Rxb3 35. Re4 Nf6 36. Rexe5 dxe5 37. Rxe5 Rc3 38. Rxe7+ Kf8 39. Rf7+
Kg8 40. Bf4 Rc2+ 41. Kh1 Re8 0-1

[Event "Campeonato de España Individual Femenino"]
[Site "Padron"]
[Date "2011.08.02"]
[Round "2"]
[White "Cucarella Montell, Angels"]
[Black "Gonzalez Etayo, Oihana"]
[Result "1-0"]
[WhiteElo "1938"]
[BlackElo "1803"]
[PlyCount "113"]
[EventDate "2011.08.01"]
[EventRounds "7"]
[EventCountry "ESP"]

1. e4 c6 2. d4 d5 3. e5 Bf5 4. Nf3 e6 5. Be2 Nd7 6. O-O Ne7 7. c3 c5 8. Nh4 Bg6
9. Nxg6 hxg6 10. Nd2 Nf5 11. Nf3 Be7 12. Qb3 Qc7 13. Bd2 c4 14. Qc2 O-O-O 15.
Ng5 Bxg5 16. Bxg5 f6 17. Bf4 g5 18. Bg3 Nxg3 19. fxg3 fxe5 20. Qd2 exd4 21.
cxd4 e5 22. Bg4 Kb8 23. Rf7 exd4 24. Rxd7 Rxd7 25. Bxd7 Qxd7 26. Qxd4 Re8 27.
Rd1 Qe6 28. h3 g6 29. Qxd5 Qe3+ 30. Kh2 g4 31. Qd6+ Kc8 32. Rd4 Qe2 33. Qc5+
Kb8 34. Rxc4 Qe6 35. Qc7+ Ka8 36. Rxg4 Rc8 37. Qa5 b6 38. Qa6 Rc7 39. Qd3 Qxa2
40. Qe4+ Kb8 41. Qe5 Qf7 42. Rd4 Qe7 43. Qf4 a5 44. Rd6 Ka7 45. Qd4 Rb7 46.
Rxg6 Qf7 47. Rg5 Qa2 48. h4 Ka6 49. Qd3+ Ka7 50. Qb5 Qe6 51. Re5 Qd6 52. Qd5
Qf6 53. Qd4 Qf8 54. Rxa5+ Kb8 55. Rd5 Kc8 56. Qg4+ Kb8 57. Qf4+ 1-0

[Event "Campeonato de España Individual Femenino"]
[Site "Padron"]
[Date "2011.08.02"]
[Round "2"]
[White "Sanchez Gabin, Aranzazu"]
[Black "Morona Minguez, Irene"]
[Result "1/2-1/2"]
[WhiteElo "1724"]
[BlackElo "1930"]
[PlyCount "126"]
[EventDate "2011.08.01"]
[EventRounds "7"]
[EventCountry "ESP"]

1. Nf3 Nf6 2. c4 g6 3. b4 Bg7 4. Bb2 d6 5. g3 O-O 6. Bg2 e5 7. d3 Nh5 8. Qc2 f5
9. Nc3 c6 10. O-O f4 11. Ne4 d5 12. cxd5 cxd5 13. Nc5 Qe7 14. a3 Nd7 15. Nb3
Nb6 16. Rac1 Rf7 17. Ba1 Bf5 18. Qc5 Qe8 19. Ng5 Rd7 20. Qc2 h6 21. Nf3 Re7 22.
Nh4 Be6 23. Nc5 Bf7 24. Qb1 Bf6 25. Nf3 g5 26. d4 e4 27. Ne5 Bxe5 28. dxe5 Nc4
29. Qa2 b6 30. e6 Bxe6 31. Nxe6 Rxe6 32. Bh3 Re7 33. Rfd1 Qf7 34. Bd4 Ng7 35.
Qa1 Nf5 36. Bf6 Re6 37. Bxf5 Rxf6 38. Bh3 e3 39. f3 fxg3 40. hxg3 Nd2 41. Rc3
Re8 42. Rd3 h5 43. Bg2 h4 44. Rxd5 Qxd5 45. Qxf6 Nxf3+ 46. Bxf3 Qxd1+ 47. Kg2
h3+ 48. Kh2 Qd8 49. Qg6+ Kf8 50. Qh6+ Ke7 51. Qxg5+ Kd7 52. Qd5+ Ke7 53. Qe5+
Kf8 54. Qf5+ Kg7 55. Qg4+ Kf6 56. Qf4+ Kg6 57. Be4+ Kg7 58. Qg4+ Kf6 59. Qf5+
Ke7 60. Qe5+ Kd7 61. Qd5+ Ke7 62. Qe5+ Kd7 63. Qd5+ Ke7 1/2-1/2